[Event "Sherbrooke op-C"]
[Site "Sherbrooke"]
[Date "2004.05.29"]
[Round "3"]
[White "Beauchesne, Jonathan"]
[Black "Roy, Samuel"]
[Result "0-1"]
[WhiteElo "1083"]
[BlackElo "1453"]
[PlyCount "98"]
[EventDate "2004.05.??"]
[EventType "swiss"]
[EventRounds "5"]
[EventCountry "CAN"]
[SourceTitle "EXT 2006"]
[Source "ChessBase"]
[SourceDate "2005.11.24"]
[SourceVersion "1"]
[SourceVersionDate "2005.11.24"]
[SourceQuality "1"]

1. e4 g6 2. d4 Bg7 3. Nf3 d6 4. Bc4 Nf6 5. Nc3 0-0 6. 0-0 Nxe4 7. Bxf7+ Rxf7 8. Nxe4 b6 9. Rb1 h6 10. Be3 Bg4 11. Ned2 Nc6 12. c3 e5 13. h3 Bf5 14. Ra1 exd4 15. Nxd4 Bxd4 16. Bxd4 Nxd4 17. cxd4 Bd3 18. Re1 Qf8 19. Qb3 Ba6 20. Re4 Re8 21. Rae1 Rxe4 22. Rxe4 Kh7 23. Nf3 Bb7 24. d5 Rf5 25. Qc4 Bxd5 26. Qxc7+ Rf7 27. Qc2 Bxe4 28. Qxe4 Qe7 29. Qd3 Qf6 30. h4 Kg7 31. Qd5 Qxb2 32. Qxd6 Qc1+ 33. Kh2 Qf4+ 34. Qxf4 Rxf4 35. Kg3 Ra4 36. Ne5 Rxa2 37. f4 b5 38. Nc6 Ra3+ 39. Kh2 a5 40. g3 b4 41. Nd4 b3 42. Nb5 Ra2+ 43. Kh3 b2 44. Nc3 Ra1 45. h5 b1Q 46. Nxb1 Rxb1 47. hxg6 Kxg6 48. g4 a4 49. Kg3 a3 0-1